000 00514nam a2200181 a 4500
001 3187
003 CO-ViMGA
008 141112s2004 ck r 000 u spa d
040 _aCO-ViMGA
_bspa
_cCO-ViMGA
082 0 4 _a515.35 N135
100 1 _aNagle, R. Kent
_952578
245 1 0 _aFundamentos de Ecuaciones diferenciales /
_cNagle R. Kent , B. Saff Edward
250 _a2a
260 _aWilmington :
_bAddison Wesley,
_c1992
300 _a714 p : il
650 1 4 _aECUACIONES DIFERENCIALES
_9474
942 _2ddc
_cBK
999 _c15237
_d15237